000 00741nam a2200217 a 4500
001 000010301
005 20240412074216.0
008 091006t2003 dr a 001 p spa d
020 _z99934710308
040 _aDO-SdBNP
_bspa
_cBNPHU
082 _aRD861.44
_bH557t
100 1 _aHernández Durán, Taty,
_d1960-
_925319
245 1 0 _aTemblor de la espera /
_cTaty Hernández Durán.
260 _aSan Francisco de Macorís, República Dominicana :
_bPapiros,
_c2003.
300 _a[66 p.] :
_bil. ;
_c21 cm.
500 _aIncluye datos biográficos de la autora en las solapas.
590 _aInventariado, 2018/LP
650 0 _aPoesía dominicana
_966
650 0 _aLiteratura dominicana.
_967
910 _aValidado. Control de calidad EMS
999 _c10060
_d10060